Infernal devices / (Record no. 522702)
[ view plain ]
| 000 -LEADER | |
|---|---|
| fixed length control field | 01347cam a2200325 a 4500 |
| 001 - CONTROL NUMBER | |
| control field | 14013619 |
| 003 - CONTROL NUMBER IDENTIFIER | |
| control field | NUST |
| 005 - DATE AND TIME OF LATEST TRANSACTION | |
| control field | 20190102114234.0 |
| 008 - FIXED-LENGTH DATA ELEMENTS--GENERAL INFORMATION | |
| fixed length control field | 050623r2005 nyu d 000 1 eng |
| 010 ## - LIBRARY OF CONGRESS CONTROL NUMBER | |
| LC control number | 2005018148 |
| 020 ## - INTERNATIONAL STANDARD BOOK NUMBER | |
| International Standard Book Number | 9780439963930 |
| 038 ## - RECORD CONTENT LICENSOR | |
| Staff Name | Arshad |
| 040 ## - CATALOGING SOURCE | |
| Original cataloging agency | DLC |
| Transcribing agency | DLC |
| Modifying agency | DLC |
| 042 ## - AUTHENTICATION CODE | |
| Authentication code | lcac |
| 050 00 - LIBRARY OF CONGRESS CALL NUMBER | |
| Classification number | PZ7.R25576 |
| Item number | Inf 2005 |
| 082 00 - DEWEY DECIMAL CLASSIFICATION NUMBER | |
| Classification number | 823 |
| Author Mark | REE |
| 100 1# - MAIN ENTRY--PERSONAL NAME | |
| Personal name | Reeve, Philip. |
| 9 (RLIN) | 12890 |
| 245 10 - TITLE STATEMENT | |
| Title | Infernal devices / |
| Statement of responsibility, etc. | a novel by Philip Reeve. |
| 250 ## - EDITION STATEMENT | |
| Edition statement | 1st American ed. |
| 260 ## - PUBLICATION, DISTRIBUTION, ETC. | |
| Place of publication, distribution, etc. | New York : |
| Name of publisher, distributor, etc. | Eos, |
| Date of publication, distribution, etc. | c2005. |
| 300 ## - PHYSICAL DESCRIPTION | |
| Extent | 358 p. ; |
| Dimensions | 24 cm. |
| 490 1# - SERIES STATEMENT | |
| Series statement | The hungry city chronicles |
| 520 ## - SUMMARY, ETC. | |
| Summary, etc. | In the distant future, when fifteen-year-old Wren Natsworthy, bored with life in Anchorage, steals an Old-Tech book for a Lost Boy, she sets off a sequence of events that leads her parents, Tom and Hester, back into battle with old enemies and new. |
| 650 #1 - SUBJECT ADDED ENTRY--TOPICAL TERM | |
| Topical term or geographic name entry element | Science fiction. |
| 9 (RLIN) | 6320 |
| 800 1# - SERIES ADDED ENTRY--PERSONAL NAME | |
| Personal name | Reeve, Philip. |
| Title of a work | Hungry city chronicles. |
| 9 (RLIN) | 12895 |
| 856 41 - ELECTRONIC LOCATION AND ACCESS | |
| Materials specified | Table of contents |
| Uniform Resource Identifier | <a href="http://www.loc.gov/catdir/toc/ecip0516/2005018148.html">http://www.loc.gov/catdir/toc/ecip0516/2005018148.html</a> |
| 906 ## - LOCAL DATA ELEMENT F, LDF (RLIN) | |
| a | 7 |
| b | cbc |
| c | orignew |
| d | 1 |
| e | ecip |
| f | 20 |
| g | y-gencatlg |
| 942 ## - ADDED ENTRY ELEMENTS (KOHA) | |
| Source of classification or shelving scheme | |
| Koha item type | Book |
| Withdrawn status | Lost status | Source of classification or shelving scheme | Damaged status | Not for loan | Permanent Location | Current Location | Shelving location | Date acquired | Total Checkouts | Total Renewals | Full call number | Barcode | Date last seen | Date last checked out | Copy number | Price effective from | Koha item type |
|---|---|---|---|---|---|---|---|---|---|---|---|---|---|---|---|---|---|
| Central Library (CL) | Central Library (CL) | Fiction | 01/02/2019 | 3 | 2 | 823 REE | CL969 | 11/26/2021 | 08/31/2021 | 1 | 01/02/2019 | Book |
